African Geography By Letter J - Picture Quiz - Statistics

General Stats
  • This quiz has been taken 399 times
  • The average score is 4 of 18
Answer Stats
Picture Hint Answer % Correct
(city) Johannesbourg
91%
(capital) Juba
78%
(animal) Jackal
73%
(religion) Judaism
38%
(rainforest) Jungle
32%
(dish) {Jollof} Rice
22%
(animal) Jerboa
12%
(city) Jos
12%
(animal) Jaeger
9%
Great Socialist People's Libyan Arab {Jamahiriya}
6%
(animal) Jacana
5%
(surfing spot) {Jeffrey}’s Bay
5%
(province) Jijel
3%
(ethnic group) Jola
3%
(state) Jigawa
2%
{Jebil} National Park
1%
{Jozani} Chwaka Bay National Park
1%
(state) Jubek
1%
No matching quizzes found
Score Distribution
Percent of People with Each Score
Percentile by Number Answered
Your Score History
You have not taken this quiz